Регионална библиотека "Любен Каравелов" - Русе

Динозавърчето, което не обичаше да се мие (Запис номер 24271)

MARC детайли
000 -Лидер
Контролно поле с фиксирана дължина 01104nam a2200277 c 4500
003 - Код на организацията, давaща контролен номер
Контролно поле BLK
005 - Дата и час на последна редакция
Контролно поле 20220718113625.0
008 - Елементи от данни с фиксирана дължина
fixed length control field 180413b bul|||||r ||||||| ||bul||
010 ## - Наследен системен номер
LC control number KNG00026776000
040 ## - Източник на каталожния запис
Идентификатор на билиотеката - собственик на записа BLK
041 ## - Код за език
Код за езика на текст/звукозапис или на отделно заглавие Български
Код за езика КДБФ Български
080 ## - УДК
Текстов определител УДК Английска литература
УДК код - определител по УДК 821.111
УДК определител -93-34
УДК - код + определител 821.111-93-34
080 ## - УДК
Текстов определител УДК Английска литература
УДК код - определител по УДК 821.111
УДК определител -93-1
УДК - код + определител 821.111-93-1
139 ## - Редно поле
Редна дума Динозавърчето, което не обичаше да се мие
Авторски знак Дин - Д 62
245 10 - Сведения за заглавието
Заглавие Динозавърчето, което не обичаше да се мие
Подзаглавни данни Приказки
Редно поле (дума) избрани от Рон Рандъл.
260 ## - Област на издателските данни
Име на издателя, разпространителя и проч. Фют
Година на издаване 1999
300 ## - Физическа характеристика
Страници 16 с.
Илюстрации и др. с ил.
Размери/Мащаб 28 см
380 ## - Жанр
Жанр Детска худож. лит.
490 ## - СЕРИИ (Колекции)
Име на серия Весели приказки за животни
9 (RLIN) 208110
500 ## - Общи забележки
Забележка Деп. списък: дарение.
700 1# - Други автори (авторска отговорност)
Лично име Рандъл, Рон
Автороска отговорност (Описва отношението между автора и произведението) избрани от
9 (RLIN) 267562
852 ## - Местоположение
Форматна сигнатура Цб ІІ 10083
856 4# - Електронен адрес и достъп
Електронен формат pdf - файл
Път до файла /url/
856 4# - Електронен адрес и достъп
Електронен формат pdf - файл
Път до файла /url/
999 ## - СИСТЕМНИ КОНТРОЛНИ НОМЕРА
Koha biblionumber 24271
Koha biblioitemnumber 24271
942 ## - АРТИКУЛИ
Вид на библиотечния материал Книги
Скрит в OPAC Не
Koha issues (borrowed), all copies 4
Периодичен библиозапис Да
944 ## - СЪЗДАВАНЕ И РЕДАКЦИЯ на ЗАПИСА
Създаване/Редакция Създаване
Дата на регистрацията/редакция 15.01.2003
Служител, извършил регистрацията/редакцията Валя_Йорданова
944 ## - СЪЗДАВАНЕ И РЕДАКЦИЯ на ЗАПИСА
Създаване/Редакция Редакция
Дата на регистрацията/редакция 28.09.2017
Служител, извършил регистрацията/редакцията Кети_Илиева
999 ## - СИСТЕМНИ КОНТРОЛНИ НОМЕРА
Koha biblioitemnumber 24271
Наличности
Код за отписване Код за изгубен артикул Източник на класификационната схема Код за повреда Коз за рестрикции Код за отдаване Артикулен № Име на библиотеката - собственик Име на библиотеката, в която се намира в момента Статус (Текущо местоположение) Дата на вписване в системата Местоположение - отдел Цена в лева Инвентарен номер Систематично азбучна сигнатура Баркод Номер на екземпляра Цена в евро Служебен тип на артикула Служебна бележка Бележка за публиката
  Не е изгубен Universal Decimal Classification Не е повреден без рестрикции ползва се в читалня 40046 Регионална библиотека "Любен Каравелов" Русе Регионална библиотека "Любен Каравелов" Русе Хранилище 2001-01-01 Хранилище 0.00 647082 Цб ІІ 10083 120000647082 1 0.00 Книги    
Изтеглен Не е изгубен   Не е повреден без рестрикции заемане за дома 40047 Регионална библиотека "Любен Каравелов" Русе Регионална библиотека "Любен Каравелов" Русе   2001-01-01 Детски отдел 1.90 647592 ДХ 820/899/Д62 647592 2 0.97 Книги Дата инв: 03.11.2015 Бележки инв: Д2015 Отч.N: 41/2017 , Дата: 08.09.2017
Изтеглен Не е изгубен   Не е повреден без рестрикции заемане за дома 40048 Регионална библиотека "Любен Каравелов" Русе Регионална библиотека "Любен Каравелов" Русе   2001-01-01 Детски отдел 1.90 665053 ДХ 820/899/Д62 665053 3 0.97 Книги Дата инв: 02.11.2015 Бележки инв: Д2015 Отч.N: 40/2017 , Дата: 07.09.2017
Изтеглен Не е изгубен Universal Decimal Classification Не е повреден без рестрикции заемане за дома 40049 Регионална библиотека "Любен Каравелов" Русе Регионална библиотека "Любен Каравелов" Русе Детски отдел 2001-01-01 Детски отдел 1.90 665054 ДХ 820/899/Д62 665054 4 0.97 Книги Дата инв: 17.08.2015 Бележки инв: Д2015  
Изтеглен Не е изгубен Universal Decimal Classification Не е повреден без рестрикции заемане за дома 40050 Регионална библиотека "Любен Каравелов" Русе Регионална библиотека "Любен Каравелов" Русе Детски отдел 2001-01-01 Детски отдел 1.90 665055 ДХ 820/899/Д62 665055 5 0.97 Книги Дата инв: 17.08.2015 Бележки инв: Д2015  
Изтеглен Не е изгубен   Не е повреден без рестрикции заемане за дома 40051 Регионална библиотека "Любен Каравелов" Русе Регионална библиотека "Любен Каравелов" Русе   2001-01-01 Детски отдел 1.90 665056 ДХ 820/899/Д62 665056 6 0.97 Книги Дата инв: 03.11.2015 Бележки инв: Д2015 Отч.N: 41/2017 , Дата: 08.09.2017
Изтеглен Не е изгубен Universal Decimal Classification Не е повреден без рестрикции заемане за дома 40052 Регионална библиотека "Любен Каравелов" Русе Регионална библиотека "Любен Каравелов" Русе Детски отдел 2001-01-01 Детски отдел 1.90 665057 ДХ 820/899/Д62 665057 7 0.97 Книги Дата инв: 17.08.2015 Бележки инв: Д2015  
Изтеглен Не е изгубен Universal Decimal Classification Не е повреден без рестрикции заемане за дома 40053 Регионална библиотека "Любен Каравелов" Русе Регионална библиотека "Любен Каравелов" Русе Детски отдел 2001-01-01 Детски отдел 1.90 665058 ДХ 821-93/Д62 665058 8 0.97 Книги Дата инв: 17.08.2015 Бележки инв: Д2015  
Изтеглен Не е изгубен Universal Decimal Classification Не е повреден без рестрикции заемане за дома 40054 Регионална библиотека "Любен Каравелов" Русе Регионална библиотека "Любен Каравелов" Русе Детски отдел 2001-01-01 Детски отдел 1.90 665059 ДХ 820/899/Д62 665059 9 0.97 Книги Дата инв: 17.08.2015 Бележки инв: Д2015  
Vip Innovations Ltd, Rousse, Bulgaria 2025